Estatísticas para Mapa da África Oriental

Clique aqui para jogar o quiz

Estatísticas Gerais

  • Esse quiz foi jogado 8 539 vezes
  • A pontuação média é 13 de 20

Respostas no mapa

Respostas codificadas por cores de uma escala verde-vermelha no mapa do quiz de acordo com a % correta abaixo.
 

Estatísticas das Respostas

Resposta% Correto
Madagascar
89%
Somália
86%
Moçambique
75%
Etiópia
73%
Djibouti
70%
Eritreia
70%
Sudão do Sul
69%
Quênia
68%
Seychelles
67%
Tanzânia
67%
Malawi
64%
Zimbábue
62%
Ruanda
59%
Uganda
58%
Zâmbia
58%
Burundi
52%
Comores
52%
Maurício
52%
Reunião (França)
48%
Mayotte (França)
43%

Distribuição das Pontuações

Percentil de Números Respondidos

Porcentagem de Pessoas com Cada Pontuação

Sua Pontuação Histórica

Você não jogou esse quiz